| 000 | 01664nas a22004097a 4500 | ||
|---|---|---|---|
| 003 | CHAP | ||
| 005 | 20220329143423.0 | ||
| 008 | 001017 qq p rnn 0 b1Eng d | ||
| 010 | _a96328 | ||
| 011 | _a97300 | ||
| 022 | _a1553-8362 | ||
| 035 | _a107964 | ||
| 040 | _cCHAP | ||
| 245 | 0 | 0 | _aInternational Journal of Fruit Science |
| 260 | 0 |
_aPhiladelphia, PA: _bTaylor & Francis _c2008- |
|
| 300 | _av. | ||
| 310 | _aTrimestral | ||
| 590 |
_aBATCH-UPD _b10 _c20130110 _lUCH01 _h0621 |
||
| 590 |
_aBATCH-UPD _b10 _c20130410 _lUCH01 _h0303 |
||
| 590 |
_aBATCH-UPD _b10 _c20130914 _lUCH01 _h1446 |
||
| 590 |
_aCONVERSION _b10 _c20130109 _lUCH01 _h1353 |
||
| 650 | 0 | 4 |
_aFruta _xInvestigación. _943628 |
| 650 | 0 | 4 |
_aFruta _xPublicaciones periódicas. _943655 |
| 780 | _tSmall Fruit Review | ||
| 852 | 2 |
_yISSUE _d2012-12-17 _503 |
|
| 852 | 2 |
_yISSUE _d2012-12-17 _503 |
|
| 852 | 2 |
_yISSUE _d2012-12-17 _503 |
|
| 852 | 2 |
_yISSUE _d2012-12-17 _503 |
|
| 866 | _av. 8 n. 1 (March 2008) - v. 8 n. 4 (December 2008) | ||
| 901 | _aSE | ||
| 905 | _aAraceli Hernández Gómez. | ||
| 942 | _cISSUE | ||
| 949 |
_bBC _cPS _d202873 _ePS _fv. 8 n. 1 ( March 2008) _i107964 _j8 _sn |
||
| 949 |
_bBC _cPS _d202874 _ePS _fv. 8 n. 2 ( June 2008) _i107964 _j8 _sn |
||
| 949 |
_bBC _cPS _d202875 _ePS _fv. 8 n. 3 ( September 2008) _i107964 _j8 _sn |
||
| 949 |
_bBC _cPS _d202876 _ePS _fv. 8 n. 4 ( December 2008) _i107964 _j8 _sn |
||
| 999 |
_c96328 _d96328 |
||